Statystyki dla Puchar Świata - klasyfikacja generalna za sezon 2003/04

Kliknij tutaj aby rozwiązać quiz!

Ogólne statystyki

  • Ten quiz został rozwiązany 30 razy
  • Średni wynik to 43 z 78

Statystyki odpowiedzi

MiejsceSkoczekNarodowośćPkt% Poprawnych
12.Adam MałyszPolska525
97%
1.Janne AhonenFinlandia1316
97%
8.Noriaki KasaiJaponia631
90%
13.Simon AmmannSzwajcaria511
90%
6.Thomas MorgensternAustria696
86%
3.Bjoern Einar RomoerenNorwegia825
83%
37.Daiki ItoJaponia91
83%
Jussi HautamaekiFinlandia71
83%
20.Martin SchmittNiemcy276
83%
14.Michael UhrmannNiemcy501
83%
45.Primoz PeterkaSłowenia64
83%
2.Roar LjoekelsoeyNorwegia1306
83%
23.Andreas KuttelSzwajcaria258
79%
29.Andreas WidhoelzlAustria192
79%
7.Matti HautamaekiFinlandia673
79%
46.Robert KranjecSłowenia58
79%
24.Sven HannawaldNiemcy253
79%
28.Wolfgang LoitzlAustria206
79%
Andreas KoflerAustria263
76%
Jernej DamjanSłowenia22
76%
5.Martin HoellwarthAustria731
76%
4.Sigurd PettersenNorwegia787
76%
50.Janne HapponenFinlandia39
72%
40.Kazuyoshi FunakiJaponia71
72%
16.Tami KiuruFinlandia411
72%
32.Anders BardalNorwegia162
69%
39.Jakub JandaCzechy78
69%
52.Marcin BachledaPolska27
69%
10.Peter ZontaSłowenia545
69%
18.Andreas GoldbergerAustria299
66%
51.Jan MaturaCzechy32
66%
21.Lars BystoelNorwegia263
66%
17.Rok BenkovicSłowenia343
66%
63.Denis KornilovRosja13
62%
35.Emmanuel ChedalFrancja100
62%
Florian LieglAustria71
62%
Harri OlliFinlandia6
62%
34.Stephan HockeNiemcy115
62%
15.Veli-Matti LindstroemFinlandia476
62%
54.Wojciech SkupieńPolska24
62%
26.Alexander HerrNiemcy241
59%
9.Georg SpathNiemcy557
59%
31.Hideharu MiyahiraJaponia167
55%
11.Tommy IngebrigtsenNorwegia526
55%
Dimitriy VassilievRosja16
52%
33.Henning StensrudNiemcy161
52%
Jan MazochCzechy3
52%
27.Maximilian MechlerNiemcy209
52%
74.Radik ZhaparovKazachstan3
52%
25.Akira HigashiJaponia250
48%
53.Clint JonesStany Zjednoczone25
48%
58.Mateusz RutkowskiPolska17
48%
48.Nicolas DessumFrancja49
48%
66.Jens SalumaeeEstonia10
45%
30.Morten SolemNorwegia172
45%
59.Stefan ThurnbichlerAustria16
45%
Dimitry IpatovRosja14
41%
Wojciech TajnerPolska9
41%
19.Akseli KokkonenFinlandia280
38%
Chil-Ku KangKorea Południowa2
38%
65.Damjan FrasSłowenia11
38%
38.Johan EriksonSzwecja86
38%
Martin MesikSłowacja9
38%
36.Reinhard SchwarzenbergerAustria92
38%
49.Christian NagillerAustria44
31%
43.Hiroki YamadaJaponia66
31%
47.Jorg RitzerfeldNiemcy53
31%
57.Balthasar SchneiderAustria20
28%
44.Juha-Matti RuuskanenFinlandia65
21%
Maksim AnisimovBiałoruś3
21%
61.Teppei TakanoJaponia14
21%
67.Ferdinand BaderNiemcy9
10%
Stefan PieperNiemcy13
10%
55.Alexey SilaevRosja22
7%
70.Assan TakhtakhunovKazachstan6
3%
77.Roland MuellerAustria2
3%
72.Olav Magne DonnemNorwegia5
0%
Pekka SalminenFinlandia5
0%

Rozkład punktacji

Percentyl według liczby udzielonych odpowiedzi

Procent ludzi z każdym wynikiem

Twoja historia wyników

Nie rozwiązałeś tego quizu